000 00586nam a2200145Ia 4500
008 150609s9999 xx 000 0 und d
050 _aLC 4704.5
_b.Ar797 2015
100 _aArzadon, Nathaniel Luis U.
245 _aSocial skills of children with special needs in a montessori inspired environment /
_cNathaniel Luis U. Arzadon.
260 _aLas Piñas, Philippines :
_bSISC,
_c2015.
300 _a49 pages :
_billustrations ;
_c28 cm.
500 _aIncludes bibliographical references and appendices.
650 _aLearning disabled children
650 _aSocial skills in children
999 _c285050
_d285050